| 000 | 01003cam a2200265 4500 | ||
|---|---|---|---|
| 008 | 090401t2002 xxu||||| |||| 00| 0 eng d | ||
| 020 | _a0419235701 | ||
| 035 | _a(Sirsi) u99436 | ||
| 041 | _aeng | ||
| 050 | _a690.231 | ||
| 100 | _aKincaid, D. | ||
| 245 | _aAdapting buildings for changing uses: guidelines for change of use refurbishment. | ||
| 260 |
_aLondon _bSpon _c2002 |
||
| 300 | _axiv,120p.25cm. | ||
| 350 | _a27.50 | ||
| 520 | _aAimed primarily at building managers this book introduces a unique decision tool, the 'use comparator' developed by University College London, which compares the characteristics and location of a building with those best suited to various types of use, thus minimising the risk of project failure. | ||
| 650 | _aCONVERSIONS | ||
| 650 | _aBUILT ENVIRONMENT-BUILDING MAINTENANCE AND REFURBISHMENT | ||
| 650 | _aRESTORATION | ||
| 650 | _aRE-USE | ||
| 690 |
_aRefurbishment _96264 |
||
| 700 | _aMcLennan, Peter | ||
| 942 | _n0 | ||
| 948 | _c29/05/1998 | ||
| 999 |
_c99335 _d99335 |
||